000 00419nam a2200145Ia 4500
008 210716s2004 xx 000 0 und d
020 _a0761932496
041 _aeng
082 _a174.4 SHAP
100 _aSharma, Poonam;Bhal, Kanika T.
245 _aManagerial ethics: dilemmas and decision making.
_bDilemmas and decision making.
260 _aNew Delhi
_bSage Publications
_c2004
300 _a267
650 _aNone
999 _c199578
_d199578